Sri Lankawe andukramaya atheetha ha warthamanaya (Record no. 5128)
[ view plain ]
| 000 -LEADER | |
|---|---|
| fixed length control field | 00446nam a2200157Ia 4500 |
| 005 - DATE AND TIME OF LATEST TRANSACTION | |
| control field | 20250626012049.0 |
| 008 - FIXED-LENGTH DATA ELEMENTS--GENERAL INFORMATION | |
| fixed length control field | 240331s9999 xx 000 0 und d |
| 020 ## - INTERNATIONAL STANDARD BOOK NUMBER | |
| ISBN | 9552005035 |
| 082 ## - DDC Classification | |
| Item Number - Author Mark | ABE |
| Class No. | 352 |
| 100 ## - MAIN ENTRY--PERSONAL NAME | |
| Personal name | Abesinghe,W.A |
| 245 #0 - TITLE STATEMENT | |
| Title | Sri Lankawe andukramaya atheetha ha warthamanaya |
| 260 ## - PUBLICATION, DISTRIBUTION, ETC. | |
| Place of publication, distribution, etc. | Colombo |
| Name of publisher, distributor, etc. | S. Godage & Brothers |
| Date of publication, distribution, etc. | 1992 |
| 300 ## - PHYSICAL DESCRIPTION | |
| Extent (e.g. Volumes, Pages etc.) | 247 p ., |
| 500 ## - GENERAL NOTE | |
| General note | Sri Lanka's System of government - past and present |
| 942 ## - Koha item type (Biblio) | |
| Koha item type | Books in Stacks (Lending) |
| Lost status | Damaged status | Collection code | Home library | Current library | Shelving location | Date acquired | Full call number | Accession Number | Item type |
|---|---|---|---|---|---|---|---|---|---|
| Lending | WERC Library | WERC Library | Social Science Cupboard | 03/31/2024 | 352 ABE | 3089 | Books in Stacks (Lending) |
